000 00512nam a22001817a 4500
005 20180327124712.0
010 _aENG-122413
020 _c675.00
_a9788193027714
035 _aEN-105945
037 _bDBAD/PUB
082 _a181.45
100 _aBhardwaj, Umesh
245 _aHinduism :
_cby Umesh Bhardwaj
_bKarma Yoga /
260 _aAllahabad
_bOm Publication
_c2016
270 _bAllahabad
_e211003
_a59, Pandariba
300 _a224p.
_c23cm.(Hb)
_bill.
942 _2ddc
_cEN
_mBHA
_h181.45
999 _c150575
_d150575